00700nam a2200229Ia 4500003000400000005001700004008004100021020001800062040000700080041000800087082001600095100002400111245004000135250000600175260003300181300001600214365001300230906004400243942001200287999001900299952015200318OSt20230403095211.0210423s2009 xx 000 0 und d a9788174468215 cAL aeng a658.15 VIJM aVIJ (Madhu).982149 aInternational financial management. a3 aNew DelhibExcel Booksc2009 axxi,737bPB b350cINR afinancial ; International ; management. 2ddccBK c157908d157908 001040708ECOaSACPGbSACPGd2010-05-25eHigginbothams Pvt Ltdg350.00l2o658.15 VIJMpPG004385r2023-05-17 00:00:00s2022-12-22w2021-04-26yBK